01149nam a2200241 a 4500008004100000020001800041050001600059100002300075245008400098250001300182260004200195300004100237350000900278650001200287650002500299700001900324700002100343995014200364995014200506999001700648952012100665952012100786100722s2009 ||||||||||||||||| || u a9780321536150 aQR 41.2 Bio aMadigan, Michael T10aBrock biology of microorganisms. (12th ed.)cby Michael T. Madigan [and others] a12th ed. aBoston:bPearson Education, Incc2009 axxviii, 1061p. various pagings: ill. a0.00 0aBIOLOGY aMEDICAL MICROBIOLOGY aDunlop, Paul V aMartinko, John M aSHORT LOAN BOOKSD0.00e741450FCBU-MAIN LIBRARY (Kitwe)H1I0.00jQR 41.2 BIOM1UAVAILABLEWAug 18, 2010y741450ZShort Loan Collection aSHORT LOAN BOOKSD0.00e741528FCBU-MAIN LIBRARY (Kitwe)H1I0.00jQR 41.2 BIOM2UAVAILABLEWAug 20, 2010y741528ZShort Loan Collection c77756d77756 00102lcc4070a001b001cShort Loan Collectiond2023-05-03l0oQR 41.2 Biop741450r2023-05-03t1w2023-05-03y015 00102lcc4070a001b001cShort Loan Collectiond2023-05-03l0oQR 41.2 Biop741528r2023-05-03t2w2023-05-03y015